| 000 | nam a22 7a 4500 | ||
|---|---|---|---|
| 999 |
_c331506 _d331506 |
||
| 003 | NUST | ||
| 005 | 20171002155459.0 | ||
| 008 | 171002b xxu||||| |||| 00| 0 eng d | ||
| 040 | _cNUST | ||
| 082 | _a302.23 | ||
| 100 |
_aMunawar,Komal _95139 |
||
| 245 | _aRole of advertising appeals in animated advertisements and their effect on brand recognition in Children | ||
| 260 |
_aIslamabad _c2015 |
||
| 300 | _a44p | ||
| 942 |
_2ddc _cTH |
||